000 01110nam a2200229 a 4500
001 77802
003 BD-RjUL
005 20211209083028.0
008 210118s2007 mu ||||| |||| 00| 0 ara d
035 _a(BD-RjUL)78028
040 _aBD-RjUL
_beng
_cBD-RjUL
041 _aeng
082 _223
_a297.1226
_bSUD 2007
100 _a السيوطي ، جلال الدين أبو الفضل عبد الرحمن بن أبي بكر بن ;; Suyūṭī, jalal ad Din Abul Fazal abdur Rahman bin Abu Bakr
_9243673
245 _aالدر المنثور في التفسير المأثور ;; Durr al-manthūr fī al-tafsīr al-maʼthūr./
_c jalal ad Din Abdur Rahman bin Abi Baker ;; الجلال السيوطي، عبد الرحمن بن أبي بكر
260 _aQahera :
_bمكتبة الدحاب,
_c2007
300 _aV. ;
_c26 cm
505 _aVol. 1.al fatiha-al baqara.--V.2. al imran-al maida.--V.3. Al an'am-l Hud.--V.4.Al yousuf-al Haz.--Al Mumenun-Al Jasia.--V.5.Al Ahqaf-Al Annas
650 _aAl-Quran
_vInterpretation and Criticism
_9243674
700 _asuyuti, jalaluddin
_9245882
942 _2ddc
_cBK
999 _c77802
_d77802